80 años Pontificia Universidad Jeveriana : (Registro nro. 50916)
[ vista simple ]
| 000 -LEADER | |
|---|---|
| fixed length control field | 01484cam a2200349 i 4500 |
| 001 - CONTROL NUMBER | |
| control field | 50916 |
| 003 - CONTROL NUMBER IDENTIFIER | |
| control field | Mx-PuUPA |
| 005 - DATE AND TIME OF LATEST TRANSACTION | |
| control field | 20230304113513.0 |
| 008 - FIXED-LENGTH DATA ELEMENTS--GENERAL INFORMATION | |
| fixed length control field | 140415s2010 ck ao gr 000 0 spa d |
| 020 ## - INTERNATIONAL STANDARD BOOK NUMBER | |
| International Standard Book Number | 9789587163889 |
| 040 ## - CATALOGING SOURCE | |
| Original cataloging agency | MX-PuUPA |
| Language of cataloging | spa |
| Description conventions | rda |
| Transcribing agency | Mx-PuUPA |
| Modifying agency | Mx-PuUPA |
| 041 0# - LANGUAGE CODE | |
| Language code of text/sound track or separate title | spa |
| 110 2# - MAIN ENTRY--CORPORATE NAME | |
| Corporate name or jurisdiction name as entry element | Pontificia Universidad Javeriana, |
| 9 (RLIN) | 5577 |
| 245 10 - TITLE STATEMENT | |
| Title | 80 años Pontificia Universidad Jeveriana : |
| Remainder of title | Restablecimiento 1930-2010 / |
| Statement of responsibility, etc. | Lina Achury, Rafael Campos, Carlos Julio Cuartas Chacón [y otros siete] ; fotografía Andrés Mauricio López Tobón, Guillermo Santos, Enrique Guzmán. |
| 246 13 - VARYING FORM OF TITLE | |
| Title proper/short title | Ochenta años Pontificia Universidad Jeveriana : |
| Remainder of title | Restablecimiento 1930-2010 |
| 250 ## - EDITION STATEMENT | |
| Edition statement | Primera edición |
| 264 #1 - PRODUCTION, PUBLICATION, DISTRIBUTION, MANUFACTURE, AND COPYRIGHT NOTICE | |
| Place of production, publication, distribution, manufacture | Bogotá D.C. : |
| Name of producer, publisher, distributor, manufacturer | Editorial Pontificia Universidad Jeveriana, |
| Date of production, publication, distribution, manufacture, or copyright notice | 2010 |
| 300 ## - PHYSICAL DESCRIPTION | |
| Extent | 316 páginas, 1 página plegada : |
| Other physical details | ilustraciones, fotografías ; |
| Dimensions | 34 cm |
| 336 ## - CONTENT TYPE | |
| Fuente | rdacontent |
| Content type term | texto |
| Content type code | txt |
| 337 ## - MEDIA TYPE | |
| Source | rdamedia |
| Media type term | sin mediación |
| Media type code | n |
| 338 ## - CARRIER TYPE | |
| Source | rdacarrier |
| Carrier type term | volumen |
| Carrier type code | nc |
| 610 1# - SUBJECT ADDED ENTRY--CORPORATE NAME | |
| Corporate name or jurisdiction name as entry element | Pontificia Universidad Javeriana (Bogota, Colombia) |
| General subdivision | Historia |
| 700 1# - ADDED ENTRY--PERSONAL NAME | |
| Personal name | Achury, Lina, |
| Relator term | autor |
| 700 1# - ADDED ENTRY--PERSONAL NAME | |
| Personal name | Campos, Rafael, |
| Relator term | autor |
| 700 1# - ADDED ENTRY--PERSONAL NAME | |
| Personal name | Cuartas Chacón, Carlos Julio, |
| Relator term | autor |
| 700 1# - ADDED ENTRY--PERSONAL NAME | |
| Personal name | López Tobón, Andrés Mauricio, |
| Relator term | fotógrafo |
| 700 1# - ADDED ENTRY--PERSONAL NAME | |
| Personal name | Santos, Guillermo, |
| Numeration | fotógrafo |
| 700 1# - ADDED ENTRY--PERSONAL NAME | |
| Personal name | Guzmán, Enrique, |
| Number of part/section of a work | fotógrafo |
| 942 ## - ADDED ENTRY ELEMENTS (KOHA) | |
| Source of classification or shelving scheme | Dewey Decimal Classification |
| Koha item type | Libro |
| Classification part | 378.09861 |
| Item part | O16 |
| Withdrawn status | Lost status | Source of classification or shelving scheme | Damaged status | Not for loan | Collection code | Home library | Current library | Shelving location | Date acquired | Source of acquisition | Total Checkouts | Full call number | Barcode | Date last seen | Price effective from | Koha item type |
|---|---|---|---|---|---|---|---|---|---|---|---|---|---|---|---|---|
| Dewey Decimal Classification | Referencia | Biblioteca Karol Wojtyla | Biblioteca Karol Wojtyla | Área de silencio | 21/11/2017 | Compra | 378.09861 O16 2010 | 91724 | 05/01/2026 | 21/11/2017 | Libro R |